[Event "Blitz 2012"]
[Site "SchemingMind.com"]
[Date "2012.01.20"]
[Round "-"]
[White "kenneth m day"]
[Black "Phillip Beckett"]
[Result "1-0"]
[WhiteCountry "USA"]
[BlackCountry "ENG"]
[WhiteElo "1866"]
[WhiteRD "52"]
[BlackElo "1602"]
[BlackRD "51"]
[GameID "301722"]

1. d4 d5 2. c4 e6 3. Nc3 Nf6 4. Nf3 Be7 5. Bg5 h6 6. Bh4 O-O 7. e3 Ne4 8. Bxe7 Qxe7 9. Rc1 Nxc3 10. Rxc3 dxc4
11. Bxc4 c6 12. O-O Nd7 13. e4 e5 14. Re1 exd4 15. Nxd4 Nb6 16. Bb3 Rd8 17. Rd3 Bd7 18. Qh5 Qf6 19. Ree3 Kh7 20. Rf3 Qg5
21. Qxg5 hxg5 22. Rxf7 Rf8 23. Rdf3 Rxf7 24. Rxf7 Kg6 25. Rf3 Kh6 26. Rg3 g4 27. Bd1 Nc4 28. Bxg4 Bxg4 29. Rxg4 Rd8 30. Nf5+ Kh7
31. h3 Ne5 32. Rxg7+ Kh8 33. Rxb7
1-0

[Event "Blitz 2012"]
[Site "SchemingMind.com"]
[Date "2012.01.19"]
[Round "-"]
[White "keen"]
[Black "kobby"]
[Result "0-1"]
[WhiteCountry "SCO"]
[BlackCountry "ENG"]
[WhiteElo "1651"]
[WhiteRD "59"]
[BlackElo "1536"]
[BlackRD "86"]
[GameID "301756"]

1. e4 d5 2. exd5 Qxd5 3. Nc3 Qd8 4. d4 h6 5. Nf3 Nf6 6. Be2 Bf5 7. O-O e6 8. Re1 Be7 9. Bc4 O-O 10. Bf4 c5
11. dxc5 Bxc5 12. Qe2 Nc6 13. a3 Qb6 14. Na4 Qa5 15. Nxc5 Qxc5 16. Rad1 a6 17. Bd6 Qb6 18. Bxf8 Kxf8 19. b3 Ne4 20. Qe3 Qc7
21. Nd2 Nf6 22. Nf3 Bxc2 23. Rd2 Bf5 24. Nd4 Nxd4 25. Qxd4 b5 26. Bd3 Rd8 27. Qb4+ Kg8 28. Bxf5 Rxd2 29. Qxd2 exf5 30. h3 Ne4
31. Qd4 h5 32. Rd1 Qc2 33. b4 g6 34. f3 Nc3 35. Re1 Ne2+ 36. Kh2 Nxd4
0-1

[Event "Blitz 2012"]
[Site "SchemingMind.com"]
[Date "2012.01.19"]
[Round "-"]
[White "keen"]
[Black "Majoanis"]
[Result "1/2-1/2"]
[WhiteCountry "SCO"]
[BlackCountry "CAN"]
[WhiteElo "1651"]
[WhiteRD "59"]
[BlackElo "1862"]
[BlackRD "58"]
[GameID "301757"]

1. e4 Nf6 2. e5 Nd5 3. d4 d6 4. c4 Nb6 5. Nf3 g6 6. Nc3 Bg7 7. Bf4 O-O 8. Be2 Nc6 9. O-O dxe5 10. Nxe5 Nxd4
11. Re1 Nxe2+ 12. Qxe2 Be6 13. Rad1 Qc8 14. Rd2 Rd8 15. Rxd8+ Qxd8 16. Rd1 Qe8 17. b3 Rd8 18. Nb5 Rxd1+ 19. Qxd1 c6 20. Nc7 Qc8
21. Nxe6 fxe6 22. Nf3 Qd7 23. Qxd7 Nxd7 24. Ng5 Nf8 25. Bb8 a6 26. Ne4 Nd7 27. Bc7 h6 28. Kf1 Kf7 29. Ke2 Be5 30. Bxe5 Nxe5
31. Nc5 b5 32. cxb5 axb5 33. Ne4 Nd7 34. f4 e5 35. Ke3 Ke6 36. fxe5 Kxe5 37. g3 Kd5 38. Nc3+ Ke5 39. Ne4 b4 40. Kd3 Kd5
41. Ke3 Nc5 42. Nf2 h5 43. Nd1 Ne4 44. Kd3 g5 45. Ke3 e5 46. Kd3 Nc5+ 47. Ke3 g4 48. Nf2=
1/2-1/2

[Event "Blitz 2012"]
[Site "SchemingMind.com"]
[Date "2012.01.22"]
[Round "-"]
[White "keen"]
[Black "mmccaffe"]
[Result "1/2-1/2"]
[WhiteCountry "SCO"]
[BlackCountry "USA"]
[WhiteElo "1651"]
[WhiteRD "59"]
[BlackElo "1701"]
[BlackRD "58"]
[GameID "301758"]

1. d4 Nf6 2. c4 e6 3. Nc3 Bb4 4. Qc2 O-O 5. Nf3 d5 6. Bd2 Bxc3 7. Bxc3 Ne4 8. e3 Nxc3 9. Qxc3 Nd7 10. c5 c6
11. Bd3 h6 12. O-O b6 13. b4 a5 14. a3 bxc5 15. bxc5 f6 16. Nh4 e5 17. Bg6 Ba6 18. Rfe1 e4 19. Nf5 Bd3=
1/2-1/2

[Event "Blitz 2012"]
[Site "SchemingMind.com"]
[Date "2012.01.22"]
[Round "-"]
[White "keen"]
[Black "emvarela"]
[Result "0-1"]
[WhiteCountry "SCO"]
[BlackCountry "ARG"]
[WhiteElo "1651"]
[WhiteRD "59"]
[BlackElo "1815"]
[BlackRD "51"]
[GameID "301759"]

1. c4 Nf6 2. Nc3 e5 3. g3 Bb4 4. Qc2 O-O 5. Bg2 Re8 6. a3 Bxc3 7. Qxc3 c6 8. d3 d5 9. cxd5 cxd5 10. Nf3 Nc6
11. O-O d4 12. Qc2 Qb6 13. Bg5 Be6 14. Bxf6 gxf6 15. Qd2 Na5 16. Qh6 Bf5 17. Nh4 Bg6 18. f4 exf4 19. Rxf4 Rxe2 20. Nf5 Rxg2+
21. Kxg2 Bxf5 22. Rxf5 Qxb2+ 23. Kh3 Qxa1 24. Rxa5 Qf1+ 25. Kh4 Qxd3 26. Qxf6 Qe4+ 27. Kh3 Qe6+ 28. Qxe6 fxe6 29. Kg4 d3 30. Kf3 Rd8
31. Ke3 d2
0-1

[Event "Blitz 2012"]
[Site "SchemingMind.com"]
[Date "2012.01.19"]
[Round "-"]
[White "keen"]
[Black "Phillip Beckett"]
[Result "1/2-1/2"]
[WhiteCountry "SCO"]
[BlackCountry "ENG"]
[WhiteElo "1646"]
[WhiteRD "64"]
[BlackElo "1612"]
[BlackRD "50"]
[GameID "301760"]

1. d4 d5 2. c4 e6 3. Nc3 Nf6 4. Nf3 Be7 5. Bg5 h6 6. Bh4 O-O 7. e3 Ne4 8. Bxe7 Qxe7 9. Qc2 Nxc3 10. Qxc3 c6
11. Bd3 dxc4 12. Qxc4 Nd7 13. O-O e5 14. Qc2 exd4 15. exd4 Nf6 16. Rfe1 Qd6 17. Re2 Bg4 18. Rae1 Rfe8 19. h3 Rxe2 20. Qxe2 Bxf3
21. Qxf3 Re8 22. Rxe8+ Nxe8 23. Qe4 Nf6 24. Qe5 Qxe5 25. dxe5=
1/2-1/2

[Event "Blitz 2012"]
[Site "SchemingMind.com"]
[Date "2012.01.20"]
[Round "-"]
[White "keen"]
[Black "kenneth m day"]
[Result "0-1"]
[WhiteCountry "SCO"]
[BlackCountry "USA"]
[WhiteElo "1651"]
[WhiteRD "59"]
[BlackElo "1866"]
[BlackRD "52"]
[GameID "301761"]

1. e4 e6 2. d4 d5 3. Nc3 Nf6 4. Bg5 dxe4 5. Nxe4 Be7 6. Nxf6+ Bxf6 7. Bxf6 Qxf6 8. Nf3 Nc6 9. Bb5 Bd7 10. O-O O-O
11. c3 a6 12. Bd3 Ne7 13. Ne5 Be8 14. Qh5 Ng6 15. Rae1 h6 16. Re3 Nxe5 17. Rxe5 Qe7 18. Qg4 Qd6 19. Rh5 f5
0-1

[Event "Blitz 2012"]
[Site "SchemingMind.com"]
[Date "2012.01.19"]
[Round "-"]
[White "kobby"]
[Black "keen"]
[Result "0-1"]
[WhiteCountry "ENG"]
[BlackCountry "SCO"]
[WhiteElo "1536"]
[WhiteRD "86"]
[BlackElo "1651"]
[BlackRD "59"]
[GameID "301762"]

1. d4 Nf6 2. h3 c5 3. c3 cxd4 4. cxd4 d5 5. Bf4 Nc6 6. e3 Bf5 7. Nf3 Rc8 8. a3 e6 9. Nc3 Be7 10. Nb5 Qa5+
11. b4 Qd8 12. Bd3 a6 13. Nc7+ Rxc7 14. Bxc7 Qxc7 15. Bxf5 exf5 16. O-O O-O 17. Rc1 Qd6 18. Qb3 Ne4 19. Rfd1 g5 20. Qc2 Qg6
21. Qb3 g4 22. hxg4 fxg4 23. Ne5 Nxe5 24. dxe5 Qf5 25. Rc2 Bh4 26. g3 Qf3 27. Rxd5 Bxg3 28. fxg3 Nxg3 29. Rd1 Qxd1+ 30. Kh2 Nf1+
31. Kg2 Qxc2+
0-1

[Event "Blitz 2012"]
[Site "SchemingMind.com"]
[Date "2012.01.19"]
[Round "-"]
[White "Majoanis"]
[Black "keen"]
[Result "1-0"]
[WhiteCountry "CAN"]
[BlackCountry "SCO"]
[WhiteElo "1862"]
[WhiteRD "58"]
[BlackElo "1651"]
[BlackRD "59"]
[GameID "301763"]

1. Nf3 Nf6 2. c4 g6 3. g3 Bg7 4. Bg2 O-O 5. O-O d5 6. d4 dxc4 7. Na3 Nc6 8. Nxc4 e6 9. Bf4 Nd5 10. Bg5 Qd7
11. Rc1 b6 12. Ne3 Nxe3 13. Bxe3 Bb7 14. Qa4 Nb8 15. Qxd7 Nxd7 16. Rxc7 Bxf3 17. Bxf3 Rad8 18. Rxa7 Nb8 19. Ra4 Rd6 20. Rd1 e5
21. d5 Nd7 22. Bg5 f6 23. Bd2 Nc5 24. Ra7 Rfd8 25. b4 e4 26. bxc5 Rxd5 27. Bxe4 Rxd2 28. Rxd2 Rxd2 29. cxb6 Rb2 30. b7
1-0

[Event "Blitz 2012"]
[Site "SchemingMind.com"]
[Date "2012.01.22"]
[Round "-"]
[White "mmccaffe"]
[Black "keen"]
[Result "1-0"]
[WhiteCountry "USA"]
[BlackCountry "SCO"]
[WhiteElo "1701"]
[WhiteRD "58"]
[BlackElo "1651"]
[BlackRD "59"]
[GameID "301764"]

1. d4 Nf6 2. c4 g6 3. Nc3 d5 4. cxd5 Nxd5 5. e4 Nxc3 6. bxc3 Bg7 7. Nf3 O-O 8. Be3 b6 9. Qd2 Bb7 10. Bc4 Bxe4
11. O-O Bxf3 12. gxf3 Qc8 13. Kh1 Qh3 14. Qe2 e6 15. Rg1 Nd7 16. Rg3 Qf5 17. Bd3 Qd5 18. Be4
1-0

[Event "Blitz 2012"]
[Site "SchemingMind.com"]
[Date "2012.01.22"]
[Round "-"]
[White "emvarela"]
[Black "keen"]
[Result "1-0"]
[WhiteCountry "ARG"]
[BlackCountry "SCO"]
[WhiteElo "1815"]
[WhiteRD "51"]
[BlackElo "1651"]
[BlackRD "59"]
[GameID "301765"]

1. e4 e6 2. d4 d5 3. Nc3 Nf6 4. e5 Nfd7 5. f4 c5 6. Nf3 Nc6 7. Be3 c4 8. a3 Be7 9. g3 O-O 10. Qd2 f6
11. b4 a6 12. Na4 Rf7 13. Nc5 b6 14. Nxe6 Qe8 15. Nc7 Qf8 16. Nxa8 b5 17. e6
1-0

[Event "Blitz 2012"]
[Site "SchemingMind.com"]
[Date "2012.01.19"]
[Round "-"]
[White "Phillip Beckett"]
[Black "keen"]
[Result "0-1"]
[WhiteCountry "ENG"]
[BlackCountry "SCO"]
[WhiteElo "1612"]
[WhiteRD "50"]
[BlackElo "1646"]
[BlackRD "64"]
[GameID "301766"]

1. e4 e6 2. d4 d5 3. Nd2 Nf6 4. exd5 exd5 5. Ngf3 Bd6 6. Bd3 O-O 7. O-O Bg4 8. h3 Bh5 9. c3 Nbd7 10. Qc2 c5
11. Nh2 Rc8 12. Re1 cxd4 13. Nb3 dxc3 14. bxc3 Qc7 15. Bb2 Bxh2+ 16. Kf1 Be5 17. Nd2 Bxc3 18. Bxc3 Qxc3 19. Qxc3 Rxc3 20. Bb5 Nb6
21. g4 Bg6 22. f4 Be4 23. Nxe4 Nxe4 24. Rac1 Rxh3
0-1

[Event "Blitz 2012"]
[Site "SchemingMind.com"]
[Date "2012.01.20"]
[Round "-"]
[White "kenneth m day"]
[Black "keen"]
[Result "1-0"]
[WhiteCountry "USA"]
[BlackCountry "SCO"]
[WhiteElo "1866"]
[WhiteRD "52"]
[BlackElo "1651"]
[BlackRD "59"]
[GameID "301767"]

1. e4 c5 2. Nf3 g6 3. d4 cxd4 4. Nxd4 Bg7 5. Nc3 Nc6 6. Be3 e6 7. Qd2 Nge7 8. O-O-O O-O 9. h4 Nxd4 10. Bxd4 Bxd4
11. Qxd4 Qc7 12. Qf6 d6 13. h5 gxh5 14. Rxh5 Ng6 15. Bd3 Bd7 16. Rdh1 Qd8 17. Qf3 Rc8 18. Rxh7 Rc5 19. Qh3 Qf6 20. Qg3 Rfc8
21. Qxd6 Rxc3 22. bxc3 Qxc3 23. Qxd7 Qa1+ 24. Kd2 Qc3+ 25. Ke3 Qc5+ 26. Qd4 Qg5+ 27. Ke2 Qg4+ 28. Ke1 e5 29. Qd5 Qf4 30. Qd7 Qc1+
31. Ke2 Rxc2+ 32. Bxc2 Qxc2+ 33. Kf3
1-0

[Event "Blitz 2012"]
[Site "SchemingMind.com"]
[Date "2012.01.20"]
[Round "-"]
[White "cncbob"]
[Black "keen"]
[Result "0-1"]
[WhiteCountry "ENG"]
[BlackCountry "SCO"]
[WhiteElo "1543"]
[WhiteRD "85"]
[BlackElo "1651"]
[BlackRD "59"]
[GameID "301844"]

1. e4 e6 2. d4 d5 3. e5 c5 4. c3 Nc6 5. Nf3 Qb6 6. Be2 Bd7 7. Nbd2 Nh6 8. h3 Nf5 9. Nb3 cxd4 10. Nfxd4 Nfxd4
11. cxd4 Be7 12. O-O O-O 13. Be3 f6 14. f4 fxe5 15. fxe5 Rxf1+ 16. Bxf1 Rf8 17. Qg4 Nxe5 18. Qg3 Nc4 19. Bc1 Bf6 20. Qf2 Nd6
21. Bd3 Bb5 22. Nc5 Bxd3
0-1

[Event "Blitz 2012"]
[Site "SchemingMind.com"]
[Date "2012.01.20"]
[Round "-"]
[White "cncbob"]
[Black "kobby"]
[Result "1-0"]
[WhiteCountry "ENG"]
[BlackCountry "ENG"]
[WhiteElo "1539"]
[WhiteRD "128"]
[BlackElo "1479"]
[BlackRD "108"]
[GameID "301845"]

1. e4 d5 2. exd5 Qxd5 3. Nc3 Qd8 4. d4 h6 5. Nf3 Nf6 6. h3 Bf5 7. g4 Bh7 8. Be3 e6 9. Bd3 Bxd3 10. Qxd3 Bd6
11. O-O-O O-O 12. Nh2 a6 13. Nf3 Nc6 14. a3 Ne7 15. g5 hxg5 16. Nxg5 Nf5 17. Ne2 Nxe3 18. fxe3 Nd5 19. Qh7#
1-0

[Event "Blitz 2012"]
[Site "SchemingMind.com"]
[Date "2012.01.20"]
[Round "-"]
[White "cncbob"]
[Black "Majoanis"]
[Result "0-1"]
[WhiteCountry "ENG"]
[BlackCountry "CAN"]
[WhiteElo "1543"]
[WhiteRD "85"]
[BlackElo "1862"]
[BlackRD "58"]
[GameID "301846"]

1. e4 Nf6 2. e5 Nd5 3. d4 d6 4. Nf3 dxe5 5. Nxe5 c6 6. c4 Nb4 7. Bd2 Qxd4 8. Bc3 Qe4+ 9. Qe2 Nc2+ 10. Kd1 Qxe2+
11. Bxe2 Nxa1 12. Nd2 Bf5 13. g4 Bg6 14. Nxg6 hxg6 15. Kc1 Nd7 16. Kb1 Nf6 17. Kxa1 e6 18. f3 O-O-O 19. g5 Nh5 20. Be5 Bd6
21. Bc3 Bf4 22. Ne4 b6 23. a3 Kc7 24. h4 Ng3
0-1

[Event "Blitz 2012"]
[Site "SchemingMind.com"]
[Date "2012.01.22"]
[Round "-"]
[White "cncbob"]
[Black "mmccaffe"]
[Result "0-1"]
[WhiteCountry "ENG"]
[BlackCountry "USA"]
[WhiteElo "1543"]
[WhiteRD "85"]
[BlackElo "1701"]
[BlackRD "58"]
[GameID "301847"]

1. Nf3 Nf6 2. d4 e6 3. Nc3 c5 4. e3 d5 5. Bb5+ Bd7 6. Bxd7+ Nbxd7 7. Qe2 Be7 8. Bd2 O-O 9. O-O-O Qc7 10. h3 a6
11. Qd3 Rac8 12. Nh2 b5 13. Nxb5 axb5 14. Qxb5 cxd4 15. c3 Rb8 16. Qd3 dxc3 17. Bxc3 Bb4 18. Rd2 Bxc3
0-1

[Event "Blitz 2012"]
[Site "SchemingMind.com"]
[Date "2012.01.22"]
[Round "-"]
[White "cncbob"]
[Black "emvarela"]
[Result "0-1"]
[WhiteCountry "ENG"]
[BlackCountry "ARG"]
[WhiteElo "1543"]
[WhiteRD "85"]
[BlackElo "1815"]
[BlackRD "51"]
[GameID "301848"]

1. Nf3 Nf6 2. g3 g6 3. Bg2 Bg7 4. d3 O-O 5. Nc3 d5 6. O-O c5 7. Bf4 a6 8. a4 Nc6 9. Re1 d4 10. Ne4 Nxe4
11. dxe4 e5 12. Bc1 Be6 13. Ng5 Qf6 14. f3 h6 15. Nxe6 Qxe6 16. Qd2 b5 17. b3 c4 18. bxc4 bxc4 19. Ba3 c3 20. Qd3 Rfb8
21. Reb1 Bf8 22. Bxf8 Kxf8 23. Qd1 Nb4 24. Qc1 Kg7 25. Rb3 a5 26. Rab1 Na2 27. Qa3 Rxb3 28. Rxb3 Nb4 29. Qc1 Qc6 30. Ra3 Qc5
0-1

[Event "Blitz 2012"]
[Site "SchemingMind.com"]
[Date "2012.01.20"]
[Round "-"]
[White "cncbob"]
[Black "Phillip Beckett"]
[Result "0-1"]
[WhiteCountry "ENG"]
[BlackCountry "ENG"]
[WhiteElo "1539"]
[WhiteRD "128"]
[BlackElo "1612"]
[BlackRD "50"]
[GameID "301849"]

1. e4 e5 2. Nf3 Nc6 3. Nc3 Nf6 4. Bb5 Nd4 5. Nxe5 Nxb5 6. Nxb5 c6 7. Nc3 Qe7 8. d4 d6 9. Nd3 Nxe4 10. O-O Nf6
11. Re1 Be6 12. h3 O-O-O 13. Be3 Qd7 14. Ne2 Bxh3 15. Nef4 Bf5 16. c4 Ne4 17. Kf1 h5 18. Qa4 Kb8 19. Ke2 Bg4+ 20. f3 Ng3+
21. Kd1 Bf5 22. Kc2 g5 23. Ne2 Bxd3+ 24. Kxd3 Nxe2 25. Kxe2 g4 26. Kd2 gxf3 27. gxf3 Bh6 28. Kc3 Bxe3 29. Rxe3 h4 30. Rh1 h3
31. Re2 Qf5 32. Re3 Rde8 33. Rxe8+ Rxe8
0-1

[Event "Blitz 2012"]
[Site "SchemingMind.com"]
[Date "2012.01.21"]
[Round "-"]
[White "cncbob"]
[Black "kenneth m day"]
[Result "0-1"]
[WhiteCountry "ENG"]
[BlackCountry "USA"]
[WhiteElo "1543"]
[WhiteRD "85"]
[BlackElo "1866"]
[BlackRD "52"]
[GameID "301850"]

1. e4 e6 2. d4 d5 3. e5 c5 4. c3 Nc6 5. Nf3 Nh6 6. Bxh6 gxh6 7. Bb5 Bd7 8. Na3 a6 9. Be2 Be7 10. O-O Rg8
11. Qd3 Rg7 12. Nc2 Qb6 13. Rfb1 O-O-O 14. a4 Rdg8 15. Bf1 h5 16. Nd2 cxd4 17. cxd4 h6 18. Ra2 h4 19. h3 Bg5 20. Nf3 Be7
21. Qc3 f6 22. exf6 Bxf6 23. Ra3 e5 24. Rb3 Qc7 25. dxe5 Nxe5 26. Qxc7+ Kxc7 27. Rc1 Kb8 28. Rb6 Nxf3+
0-1

[Event "Blitz 2012"]
[Site "SchemingMind.com"]
[Date "2012.01.20"]
[Round "-"]
[White "keen"]
[Black "cncbob"]
[Result "1-0"]
[WhiteCountry "SCO"]
[BlackCountry "ENG"]
[WhiteElo "1651"]
[WhiteRD "59"]
[BlackElo "1543"]
[BlackRD "85"]
[GameID "301851"]

1. d4 d5 2. c4 dxc4 3. e4 Nf6 4. Nc3 e6 5. Bxc4 e5 6. Nf3 exd4 7. Nxd4 Bc5 8. Be3 Nbd7 9. O-O O-O 10. Qc2 Re8
11. Rfe1 Ne5 12. Nd5 c6 13. Nxf6+ Qxf6 14. Bxf7+ Qxf7 15. Qxc5 Nd3 16. Qc3 Nxe1 17. Rxe1 Bd7 18. Nb3 b6 19. e5 c5 20. f4 Bc6
21. a3 Qg6 22. Qd2 Rad8 23. Qf2 Re7 24. Nd2 Red7 25. Nc4 Bd5 26. Nd6 Rxd6 27. exd6 Qxd6 28. Qh4 Rf8 29. Qg5 h6 30. Qg4 Rf6
31. Bd2 Rg6 32. Qc8+ Kf7 33. Qe8+ Kf6 34. Bc3+ Kf5 35. Re5+ Kxf4 36. Rxd5
1-0

[Event "Blitz 2012"]
[Site "SchemingMind.com"]
[Date "2012.01.20"]
[Round "-"]
[White "kobby"]
[Black "cncbob"]
[Result "0-1"]
[WhiteCountry "ENG"]
[BlackCountry "ENG"]
[WhiteElo "1536"]
[WhiteRD "86"]
[BlackElo "1543"]
[BlackRD "85"]
[GameID "301852"]

1. d4 d5 2. Bf4 Nf6 3. h3 Nc6 4. e3 a6 5. Nf3 e6 6. Be2 Be7 7. O-O h6 8. c4 Ne4 9. Qc2 Nb4 10. Qb3 a5
11. a3 Nc6 12. cxd5 exd5 13. Rc1 Nd6 14. Nc3 a4 15. Qa2 Be6 16. Nxd5 Ra5 17. Nxc7+ Qxc7 18. Ne5 Bxa2 19. Rxa2 O-O 20. Bf3 Ra6
21. d5 Rc8 22. dxc6 b6 23. Nc4 b5 24. Ne5 Qa5 25. Raa1 Bf6 26. Rab1 Be7 27. Bd5 Kf8 28. Nd7+ Kg8 29. Nc5 Nc4 30. Nxa6 Qxa6
31. Rc2 Bf6 32. b3 Nxa3 33. Rbc1 Nxc2 34. Rxc2 axb3 35. Bxb3 Rxc6 36. Rd2 Qa1+ 37. Kh2 Qc3 38. Rc2 Qxc2 39. Bxc2 Rxc2 40. f3 b4
0-1

[Event "Blitz 2012"]
[Site "SchemingMind.com"]
[Date "2012.01.20"]
[Round "-"]
[White "Majoanis"]
[Black "cncbob"]
[Result "1-0"]
[WhiteCountry "CAN"]
[BlackCountry "ENG"]
[WhiteElo "1862"]
[WhiteRD "58"]
[BlackElo "1543"]
[BlackRD "85"]
[GameID "301853"]

1. Nf3 d5 2. c4 c6 3. cxd5 cxd5 4. d4 Nf6 5. Nc3 e6 6. Bf4 Nc6 7. Rc1 Bb4 8. e3 a6 9. Bd3 O-O 10. O-O Re8
11. a3 Bd6 12. Bxd6 Qxd6 13. h3 h6 14. b4 e5 15. dxe5 Nxe5 16. Nxe5 Qxe5 17. Bb1 Qg5 18. Qf3 Be6 19. Ne2 Ng4 20. Nd4 Ne5
21. Qf4 f6 22. Qxg5 fxg5 23. Nxe6 Rxe6 24. Rc7 b5 25. e4 d4 26. Ba2 Re8 27. Bxe6+
1-0

[Event "Blitz 2012"]
[Site "SchemingMind.com"]
[Date "2012.01.22"]
[Round "-"]
[White "mmccaffe"]
[Black "cncbob"]
[Result "1/2-1/2"]
[WhiteCountry "USA"]
[BlackCountry "ENG"]
[WhiteElo "1701"]
[WhiteRD "58"]
[BlackElo "1543"]
[BlackRD "85"]
[GameID "301854"]

1. d4 d5 2. c4 dxc4 3. e4 e5 4. Nf3 exd4 5. Qxd4 Qxd4 6. Nxd4 Bc5 7. Nb5 Kd8 8. Bf4 Bd6 9. Bxd6 cxd6 10. Nxd6 Be6
11. Nxb7+ Kc8 12. Nd6+ Kd7 13. Nxc4 Nf6 14. Nc3 Rc8 15. Ne5+ Ke7 16. Be2 Nc6 17. Nxc6+ Rxc6 18. O-O Bc4 19. Bxc4 Rxc4 20. f3 Rb8
21. Nd5+=
1/2-1/2

[Event "Blitz 2012"]
[Site "SchemingMind.com"]
[Date "2012.01.22"]
[Round "-"]
[White "emvarela"]
[Black "cncbob"]
[Result "1-0"]
[WhiteCountry "ARG"]
[BlackCountry "ENG"]
[WhiteElo "1815"]
[WhiteRD "51"]
[BlackElo "1543"]
[BlackRD "85"]
[GameID "301855"]

1. e4 c5 2. Nf3 d6 3. d4 cxd4 4. Nxd4 Nf6 5. Nc3 a6 6. Be3 e5 7. Nb3 Be6 8. f3 Nc6 9. Nd5 Nd7 10. Qd2 h6
11. g4 g5 12. O-O-O Ne7 13. h4 Ng6 14. hxg5 hxg5 15. Rxh8 Nxh8 16. Bxg5 f6 17. Bh6 Nf7 18. Bxf8 Nxf8 19. Ne3 Ke7 20. Bc4 Qc7
21. Bxe6 Nxe6 22. Nd5+
1-0

[Event "Blitz 2012"]
[Site "SchemingMind.com"]
[Date "2012.01.20"]
[Round "-"]
[White "Phillip Beckett"]
[Black "cncbob"]
[Result "1/2-1/2"]
[WhiteCountry "ENG"]
[BlackCountry "ENG"]
[WhiteElo "1602"]
[WhiteRD "51"]
[BlackElo "1543"]
[BlackRD "85"]
[GameID "301856"]

1. e4 e5 2. Nf3 Nc6 3. Bb5 Bc5 4. O-O Nf6 5. d3 h6 6. c3 a6 7. Bxc6 dxc6 8. Nxe5 O-O 9. Nf3 Re8 10. d4 Ba7
11. e5 Nd5 12. Nbd2 Be6 13. Ne4 Bg4 14. h3 Bh5 15. Ng3 Bg6 16. Be3 Qd7 17. Nh4 Bh7 18. Qg4 Qxg4 19. hxg4 Nxe3 20. fxe3 g6
21. Ne4 Re6 22. Nf6+ Kg7 23. Rf3 Re7 24. Raf1 Rf8 25. Rg3 g5 26. Nf5+ Bxf5 27. Rxf5 c5 28. Nh5+ Kh8 29. Kh2 c6 30. Rgf3 cxd4
31. exd4 Bb6 32. e6 Kg8 33. exf7+ Rexf7 34. Rxf7 Rxf7 35. Nf6+ Kg7 36. Nh5+ Kg8 37. Nf6+ Kg7 38. Nh5+=
1/2-1/2

[Event "Blitz 2012"]
[Site "SchemingMind.com"]
[Date "2012.01.21"]
[Round "-"]
[White "kenneth m day"]
[Black "cncbob"]
[Result "1-0"]
[WhiteCountry "USA"]
[BlackCountry "ENG"]
[WhiteElo "1866"]
[WhiteRD "52"]
[BlackElo "1543"]
[BlackRD "85"]
[GameID "301857"]

1. e4 e5 2. Nf3 Nc6 3. c3 Nf6 4. d4 Nxe4 5. d5 Ne7 6. Nxe5 Ng6 7. Qd4 d6 8. Nxg6 hxg6 9. Qxe4+ Be7 10. Be3 Bd7
11. Nd2 Kf8 12. O-O-O Bf5 13. Qc4 Qd7 14. Bd3 Bxd3 15. Qxd3 a5 16. Nf3 b5 17. Nd4 b4 18. Nc6 bxc3 19. Qxc3 Bf6 20. Bd4 Bxd4
21. Qxd4 Rh5 22. g4 Rh4 23. h3 a4 24. f4
1-0

[Event "Blitz 2012"]
[Site "SchemingMind.com"]
[Date "2012.01.22"]
[Round "-"]
[White "Ricsige"]
[Black "keen"]
[Result "1-0"]
[WhiteCountry "AHO"]
[BlackCountry "SCO"]
[WhiteElo "1417"]
[WhiteRD "63"]
[BlackElo "1651"]
[BlackRD "59"]
[GameID "301970"]

1. d4 Nf6 2. c4 g6 3. f3 d5 4. cxd5 Nxd5 5. e4 Nb6 6. Nc3 Bg7 7. Be3 O-O 8. Qd2 Nc6 9. O-O-O Bd7 10. h4 e6
11. h5 Ne7 12. Bh6 c6 13. Bxg7 Kxg7 14. hxg6 Rh8 15. Qh6+ Kg8 16. gxh7+
1-0

[Event "Blitz 2012"]
[Site "SchemingMind.com"]
[Date "2012.01.22"]
[Round "-"]
[White "Ricsige"]
[Black "kobby"]
[Result "1-0"]
[WhiteCountry "AHO"]
[BlackCountry "ENG"]
[WhiteElo "1417"]
[WhiteRD "63"]
[BlackElo "1536"]
[BlackRD "86"]
[GameID "301971"]

1. d4 d5 2. c4 c6 3. Nc3 dxc4 4. e4 b5 5. a4 Qb6 6. axb5 cxb5 7. Nf3 Bb7 8. Be3 Qc7 9. Nxb5 Qc8 10. Rc1 Na6
11. Rxc4 Qd7 12. Ne5 Qd8 13. Qa4 e6 14. Nd6+ Ke7 15. Nxb7 Qb8 16. Qd7+
1-0

[Event "Blitz 2012"]
[Site "SchemingMind.com"]
[Date "2012.01.23"]
[Round "-"]
[White "Ricsige"]
[Black "Majoanis"]
[Result "0-1"]
[WhiteCountry "AHO"]
[BlackCountry "CAN"]
[WhiteElo "1417"]
[WhiteRD "63"]
[BlackElo "1862"]
[BlackRD "58"]
[GameID "301972"]

1. d4 Nf6 2. c4 g6 3. f3 d5 4. cxd5 Nxd5 5. e4 Nb6 6. Nc3 Bg7 7. Be3 O-O 8. Qd2 Nc6 9. Nge2 Nc4 10. Qc1 Nb4
0-1

[Event "Blitz 2012"]
[Site "SchemingMind.com"]
[Date "2012.01.22"]
[Round "-"]
[White "Ricsige"]
[Black "mmccaffe"]
[Result "0-1"]
[WhiteCountry "AHO"]
[BlackCountry "USA"]
[WhiteElo "1417"]
[WhiteRD "63"]
[BlackElo "1701"]
[BlackRD "58"]
[GameID "301973"]

1. d4 Nf6 2. c4 e6 3. Nf3 d5 4. Bg5 Be7 5. e3 Nbd7 6. Bd3 O-O 7. O-O h6 8. Bh4 b6 9. Nc3 Bb7 10. Rc1 Ne4
11. Bxe7 Qxe7 12. cxd5 Nxc3 13. bxc3 exd5 14. Qc2 c5
0-1

[Event "Blitz 2012"]
[Site "SchemingMind.com"]
[Date "2012.01.23"]
[Round "-"]
[White "Ricsige"]
[Black "emvarela"]
[Result "0-1"]
[WhiteCountry "AHO"]
[BlackCountry "ARG"]
[WhiteElo "1417"]
[WhiteRD "63"]
[BlackElo "1815"]
[BlackRD "51"]
[GameID "301974"]

1. d4 Nf6 2. c4 e6 3. Nf3 c5 4. d5 d6 5. Nc3 exd5 6. cxd5 g6 7. Bf4 Bg7 8. e4 a6 9. Qa4+ Bd7 10. Qb3 Qc7
11. e5 dxe5 12. Bxe5 Qc8 13. Bxf6 Bxf6 14. Ne4 Be7 15. Bd3 b5
0-1

[Event "Blitz 2012"]
[Site "SchemingMind.com"]
[Date "2012.01.22"]
[Round "-"]
[White "Ricsige"]
[Black "Phillip Beckett"]
[Result "1/2-1/2"]
[WhiteCountry "AHO"]
[BlackCountry "ENG"]
[WhiteElo "1417"]
[WhiteRD "63"]
[BlackElo "1602"]
[BlackRD "51"]
[GameID "301975"]

1. d4 d5 2. c4 e6 3. Nc3 Nf6 4. Bg5 Be7 5. Nf3 O-O 6. e3 h6 7. Bh4 Ne4 8. Bxe7 Qxe7 9. Qc2 Nxc3 10. Qxc3 c6
11. Bd3 dxc4 12. Bxc4 Nd7 13. O-O Re8 14. Rac1 e5 15. dxe5 Nxe5 16. Nxe5 Qxe5 17. Qxe5 Rxe5 18. Rcd1 Bf5 19. h3 Kf8 20. g4 Be6
21. Bxe6 Rxe6 22. Rd7 Re7 23. Rfd1 Rae8 24. Kg2 Rxd7 25. Rxd7 Re7=
1/2-1/2

[Event "Blitz 2012"]
[Site "SchemingMind.com"]
[Date "2012.01.22"]
[Round "-"]
[White "Ricsige"]
[Black "kenneth m day"]
[Result "0-1"]
[WhiteCountry "AHO"]
[BlackCountry "USA"]
[WhiteElo "1417"]
[WhiteRD "63"]
[BlackElo "1866"]
[BlackRD "52"]
[GameID "301976"]

1. d4 Nf6 2. c4 e6 3. Nf3 b6 4. g3 Bb7 5. Bg2 Be7 6. O-O O-O 7. Nc3 d5 8. Ne5 Nbd7 9. Qa4 Nxe5 10. dxe5 Nd7
11. cxd5 Nc5 12. Qd1 Bg5 13. f4 Bh6 14. b4 Na6 15. a3 exd5 16. Nxd5 c6 17. Ne3 Nc7 18. Bb2 Qe7
0-1

[Event "Blitz 2012"]
[Site "SchemingMind.com"]
[Date "2012.01.22"]
[Round "-"]
[White "Ricsige"]
[Black "cncbob"]
[Result "0-1"]
[WhiteCountry "AHO"]
[BlackCountry "ENG"]
[WhiteElo "1417"]
[WhiteRD "63"]
[BlackElo "1543"]
[BlackRD "85"]
[GameID "301977"]

1. d4 d5 2. c4 c6 3. Nc3 e6 4. e4 Nf6 5. e5 Nfd7 6. Nf3 h6 7. Bd3 Bb4 8. O-O Bxc3 9. bxc3 O-O 10. Ba3 Re8
11. cxd5 exd5 12. Qc2 Nf8 13. Bd6 Ne6 14. Qd2 Nd7 15. Rab1 Nb6 16. Rfe1 Nc4
0-1